Pays avec le plus de reptiles menacés - Statistiques

Statistiques générales
  • Ce quiz a été pris 20 fois
  • Le résultat moyen est 14 sur 20
Statistiques - réponses
Hint Réponse % Correct
30 Brésil
100%
40 États‑Unis
94%
39 Colombie
89%
36 Indonésie
83%
33 Pérou
83%
76 Australie
78%
86 Équateur
78%
58 Malaisie
78%
54 Nouvelle‑Calédonie
78%
47 Chine
72%
54 Inde
72%
101 Mexique
72%
42 Nouvelle‑Zélande
72%
39 Philippines
61%
38 Thaïlande
61%
71 Vietnam
56%
32 Myanmar
50%
139 Madagascar
33%
35 Tanzanie
33%
43 Honduras
22%
Aucun quiz correspondant
Distribution des résultats
% des personnes avec chaque résultat
Percentile par nombre de réponses
Votre historique - résultats
Vous n’avez pas pris ce quiz